| 000 | 00743nam a2200181 4500 | ||
|---|---|---|---|
| 001 | 15728 | ||
| 010 | _a9789722119856 | ||
| 090 | _a15728 | ||
| 100 | _a20090304d2008 k y0pory5003 ba | ||
| 200 | 1 |
_aDicionário de Fernando Pessoa e do Modernismo português _fcoordenação Fernando Cabral Martins |
|
| 210 |
_a[Lisboa] _cCaminho _d2008 |
||
| 215 |
_a959, [16] p. a 2 colns _cil., est. _d25 cm |
||
| 300 | _aContém lista de siglas de edições citadas de Fernando Pessoa, Mário de Sá-Carneiro e Almada Negreiros, bibliografia citada e índice de nomes | ||
| 675 |
_a821.134.3 PESSOA, Fernado .09(038) _vBN _zpor |
||
| 675 |
_a82.02 Modernismo(469)"1912/1935" _vBN _zpor |
||
| 702 | 1 |
_aMartins _bFernando Cabral _f1950- |
|
| 801 | 0 |
_aPT _bUNLCSH _gRPC |
|
| 990 | _cLIVROS | ||